000 01116nam a2200277 a 4500
001 40131
003 BD-RjUL
005 20211209053137.0
008 160423s1978 bg ||||| |||| 00| 0 ben d
020 _c: Tk.75.00 (V-1)
035 _a(BD-RjUL)40246
040 _aBD-RjUL
_bben
_cBD-RjUL
041 _aben
082 _223
_a297
_bSUN 1978
100 _aসুলতান, সৈয়দ
_9123570
245 _aনবীবংশ /
_c সৈয়দ সুলতান বিরচিত ; আহমদ শরীফ
260 _aঢাকা :
_bবাংলা একাডেমী,
_c১৯৭৮
300 _a খন্ড ;
_c২১ সেমি.
490 _aবাএ ;
_v৯৯৮ (V-1)
505 _aখন্ড ১-- খন্ড ২ [রসুল চরিত, জয়কুম রাজার লড়াই জ্ঞান প্রদীপ ও পদাবলী] আহমদ শরীফ --
650 _aইসলাম
_9123571
650 _aIslam
_9123572
700 _aশরীফ,আহমদ
_9137309
830 _aবাএ ;
_v৯৯৮ (V-1)
_9219106
942 _2ddc
_cBK
_01
999 _c40131
_d40131